1546 1780 1344 1941 1056 1162 1576 1215 1986 1479 1141 1371 1909 1901 1741 1634 1895 1802 1585 1620 1801 1549 1089 1317 1815 1007 1814 1273 1003 1601 1144 1031 1649 1277 1576 1875 1679 1755 1188 1844 1869 1959 1229 1405 1407 1978 1240 1590 1842 1122 1763 1796 1421 1210 1622 1612 1905 1173 1803 1367 1585 1761 1353 1715 1216 1613 1834 1422 1959 1864 1685 1072 1045 1723 1825 1057 1435 1235 1168 1983 1787 1365 1004 1876 1418 1545 1215 1693 1863 1109 1506 1097 1986 1729 1282 1539 1308 1689 1691 BCNSPRNW ULIB Ver.6.0+V

เปลี่ยนเป็นภาษาไทย

Change to English
 แสดงรายละเอียดบรรณานุกรม
  กลับหน้าหลัก

Brief Record : Get Marc (ISO 2709) : E-mail record : QR code < ปิดหน้าต่าง
LEADER : 00000nam 2200000uu 4500
001    13399110426
003     ULIB
008    110527s2553||||th 000 0 tha d
020    9749441982
020    9789749441985
050  4 H97^bม189น
100 0  มยุรี อนุมานราชธน
245 10 นโยบายสาธารณะ /^cมยุรี อนุมานราชธน
250    พิมพ์ครั้งที่ 3
260    กรุงเทพฯ :^bเอ็กซเปอร์เน็ท,^c2553
300    [ก]-ฎ, 323 หน้า :^bภาพประกอบ ;^c26 ซม.
650  7 การบริหารรัฐกิจ
650  7 นโยบายสาธารณะ
710 2  มหาวิทยาลัยเชียงใหม่. ^bคณะสังคมศาสตร์. ^bภาควิชารัฐศาสตร์
945    ^p300^l0^i18184
995    เกษร
999    ^aใช้งานได้ทุกระบบ
รายการนี้ยังไม่มีแท็ก
คุณยังไม่ได้ล็อกอิน คุณสามารถมีกิจกรรมร่วมกับเว็บไซต์ได้ แต่ต้องล็อกอินก่อน ::
  ล็อกอิน

รายการสื่อสารสนเทศ

ลำดับที่ ประเภท เลขเรียก/บาร์โค้ด สถานที่ สถานะ
1. วิทยาศาสตร์การแพทย์ และสุขภาพ
วิทยาศาสตร์การแพทย์ และสุขภาพ
H97 ม189น  
  Barcode: 18184
ห้องสมุดวิทยาเขตสวรรค์ประชารักษ์
►นวนิยาย
บนชั้น
  ขอยืม

รายการใกล้เคียง
    ผู้แต่ง [มยุรี อนุมานราชธน]

    หัวเรื่อง [การบริหารรัฐกิจ]
    หัวเรื่อง [นโยบายสาธารณะ]

BibComment


ยังไม่เคยถูกคอมเมนท์

คอมเมนท์ทรัพยากรรายการนี้
  คอมเมนท์: นโยบายสาธารณะ มย..


 Copyright 2026. Bcnsprnw @Library